Language Quiz

Random Language or French Quiz
Score 0/44 Timer 10:00
0 Plays Today
English French % Correct
to burnbrûler
80.6%
to scareeffrayer
62.6%
to slipglisser
59.7%
to demolishdémolir
49.6%
to begmendier
48.2%
to hurryse dépêcher
47.5%
to predictprédire
46.8%
to dye or staintacher
46%
to droplâcher
43.9%
to surroundentourner
43.9%
to leanpencher
43.9%
to scan/sweepbalayer
43.2%
to stop (someone from doing sth)empêcher
41.3%
to sewsemer
41%
to bellowhurler
40.3%
to wobblefaire bouger
40.3%
to hardendurcir
40.3%
to slide or to sinkcouler
38.8%
to witnessassister a
38.8%
to crushécraser
38.1%
to moanrâler
38.1%
to muffleétouffer
37.4%
English French % Correct
to hide (money/drugs)planquer
37.4%
to make roomfaire de la place
36.7%
to wanderse balader
36.7%
to sprinkleéparpiller
36%
to burstcrever
36%
to challenge (authority/statistics)contester
34.7%
to side-step/dodgeesquiver
34.5%
to stumble/come up against (problem)buter sur ou contre qqch
34.5%
to praisefaire l'éloge de
33.8%
to bend down/ducks'accroupir
33.1%
to grant/allowdécerner
33.1%
to outline/define/surroundcerner
32.8%
to softenassouplir
32.4%
to spark offsusciter
31.7%
to curvecamber
31.7%
to annoy/upsetcontrarier
31.7%
to stem fromdécouler de
29.5%
to tramplepiétiner
28.1%
to saturate/block/burdenencombrer
26.9%
to overwhelm/exhaust/annihilateanéantir
26.6%
to relieve/ease/quell soulager
24.5%
to stun/bewilderabasourdir
21.6%
Remove Ads.
Support Sporcle.
Get the best of Sporcle when you Go Orange. This ad-free experience offers more features, more stats, and more fun while also helping to support Sporcle. Thank you for becoming a member.

You're not logged in!

Compare scores with friends on all Sporcle quizzes.
OR
Log In

Show Comments

Extras

Created Jul 1, 2012ReportNominate
Tags:French Quiz, Advanced, English, Verb

Top Quizzes Today


Score Distribution

Your Account Isn't Verified!

In order to create a playlist on Sporcle, you need to verify the email address you used during registration. Go to your Sporcle Settings to finish the process.

Report this User

Report this user for behavior that violates our Community Guidelines.

Details: